00514nam a2200181 a 4500001001300000003000900013005001700022008004100039020001000080082001800090245005500108260004400163300001000207500003500217505003400252650001800286710002800304nice12345678IN_TiNIC20260116015147.0050524s1976 cala grp 000 0 eng  ac10000a220.5203bGOS aHoly Bibleb Containing the Old and New Testaments aCalcuttabGospel Publishing Housec1976 a1117p aincludes index and biblioraphy2 aAuthorised King James Version aBible-English2 aGospel Publishing House